000 00725nam a22001937a 4500
999 _c5590
_d5590
003 GBCCL
005 20241126110545.0
008 180328b ||||| |||| 00| 0 eng d
040 _cGBC
082 _a275.417
_bMBC
110 _aManipur Baptist Convention.
_910096
245 _aThe first one hundred years of Christianity in Manipur, 1896-1996 :
_bthe Manipur Baptist Convention.
_cManipur Baptist Convention.
260 _a[Manipur] :
_bMBC Literature Committee,
_c1997.
300 _a167 pages, [4] leaves of plates :
_b portraits ; 22 cm
650 _aBaptists
_zIndia
_zManipur.
_910097
650 _aChristianity
_zIndia.
_zManipur
_9197
650 _aManipur (India)
_vChurch history.
_910098
942 _e1ST
_2ddc
_cBK
_06